Bilecik Bilecik Bilecik Bilecik Bilecik

İstatistiksel kalite kontrolü ve toplam kalite yönetimi araçları/ (Record no. 568)

MARC details
000 -BAŞLIK
Sabit Uzunluktaki Kontrol Alanı 01093nam a22003497a 4500
001 - KONTROL NUMARASI
Control Dosyası 0000567
003 - KONTROL NUMARASI KİMLİĞİ
Kontrol Alanı KOHA_MİRAKIL
005 - EN SON İŞLEM TARİHİ ve ZAMANI
Kontrol Alanı 20260207001214.0
007 - FİZİKSEL TANIM SABİT ALAN - GENEL BİLGİ
Sabit uzunluklu kontrol alanı ta
008 - SABİT UZUNLUKTAKİ VERİ ÖGELERİ - GENEL BİLGİ
Sabit Alan 120209b2000 tu a|||gr||||#||||0|tur |
020 ## - ISBN - ULUSLARARASI STANDART KİTAP NUMARASI
Isbn 9754809771
Kullanılabilirlik koşulları YTL14,69
040 ## - KATALOGLAMA KAYNAĞI
Özgün Kataloglama Kurumu TR-BiSEU
Kataloglama Dili tur
Çeviri Kurumu TR-BiSEU
Açıklama Kuralları rda
041 0# - DİL KODU
Metin ya da ses kaydının dil kodu tur
044 ## - YAYINLAYAN/ÜRETEN KURULUŞUN ÜLKE KODU
ISO country code tu
050 ## - SINIFLAMA ve YER NUMARASI
Sınıflama Numarası HD62.15
Yer Numarası .G86 2000
100 1# - KİŞİ ADI
Yazar Adı (Kişi adı) Gümüşoğlu, Şevkinaz.
245 1# - ESER ADI BİLDİRİMİ
Başlık İstatistiksel kalite kontrolü ve toplam kalite yönetimi araçları/
Sorumluluk Bildirimi Şevkinaz Gümüşoğlu ; Şevkinaz Gümüşoğlu.
250 ## - BASIM BİLDİRİMİ
Basım Bildirimi 2. bs.
264 #1 - ÜRERİM, YAYIN, DAĞITIM ve TELİF BİLDİRİMİ
Yayın yeri İstanbul :
Yayınlayan Beta
Yayın tarihi 2000
300 ## - FİZİKSEL TANIMLAMA
Sayfa, Cilt vb. 171 sayfa: tablo
336 ## - İÇERİK TÜRÜ
Content type term metin
Content type code txt
Source rdacontent
337 ## - MEDYA TÜRÜ
Media type term aracısız
Media type code n
Source rdamedia
338 ## - TAŞIYICI TÜRÜ
Carrier type term cilt
Carrier type code nc
Source rdacarrier
490 1# - DİZİ BİLDİRİMİ
Dizi Bildirimi Beta Yayın No ;
Cilt Numarası 1073.
490 1# - DİZİ BİLDİRİMİ
Dizi Bildirimi İşletme-Ekonomi Dizisi ;
Cilt Numarası 60
500 ## - GENEL NOT
Genel Not Kaynakça var.
650 #0 - KONU BAŞLIĞI EK GİRİŞ - KONU TERİMİ
Konusal terim veya coğrafi ad İstatistiksel kalite kontrolü.
9 (RLIN) 2848
650 #0 - KONU BAŞLIĞI EK GİRİŞ - KONU TERİMİ
Konusal terim veya coğrafi ad Toplam kalite yönetimi.
9 (RLIN) 2849
830 1# - SERİ EK GİRİŞİ - TEKBİÇİM ESER ADI
Tekbiçim Başlık Beta Yayın No ;
Volume number/sequential designation 1073.
9 (RLIN) 1882
830 1# - SERİ EK GİRİŞİ - TEKBİÇİM ESER ADI
Tekbiçim Başlık İşletme-Ekonomi Dizisi ;
Volume number/sequential designation 60
9 (RLIN) 2839
942 ## - EK GİRİŞ ÖGELERİ (KOHA)
Source of classification or shelving scheme Library of Congress Classification
Koha item type Book
Holdings
Materyal Türü Kalıcı Konum Mevcut Konum Raf Yeri Sınıflandırma Kaynağı Edinim Bilgisi Ana Konular Alt Konular Yer Numarası Demirbaş Numarası Fatura Tarihi Maliyet, Alış Fiyatı Maliyet, Yenileme Fiyatı Geri Çekilme Durumu Kayıp Durumu Hasarlı Durumu Kredi için değil Kayıt Tarih Toplam Ödünçverme Son Görülme Tarihi Son Kontrol Tarihi Genel / Bağış Notu
Book Prof. Dr. Azmi Özcan Kütüphanesi Prof. Dr. Azmi Özcan Kütüphanesi Uluğbey Salonu Library of Congress Classification Satın SOSYAL BİLİMLER Endüstriler, Arazi Kullanımı, İşgücü HD62.15 .G86 2000 0000567 12/12/2008 15.87 15.87         12/12/2008 2 05/12/2024 05/12/2024  
Book Prof. Dr. Azmi Özcan Kütüphanesi Prof. Dr. Azmi Özcan Kütüphanesi Uluğbey Salonu Library of Congress Classification Bağış SOSYAL BİLİMLER Endüstriler, Arazi Kullanımı, İşgücü HD62.15 .G86 2000 0035316 02/02/2026 3.50 3.50         09/02/2012 2 05/12/2024 05/12/2024 Genel Bağış